Tous les lieux de One Piece - Statistiques

Statistiques générales
  • Ce quiz a été pris 42 fois
  • Le résultat moyen est 44 sur 287
Statistiques - réponses
Mer Type de lieu Dirigeant(e) Épisode/Chapitre découvert Lieu % Correct
East Blue Village Kaya Épisode 8/Chapitre 23 Sirop
79%
East Blue Restaurant Zeff Épisode 20/Chapitre 43 Baratie
76%
East Blue (anciennement) Parc Arlong Épisode 30/Chapitre 69 Arlong Park
71%
Paradis Archipel Aucun/Ne Sais Pas Épisode 390/Chapitre 496 Sabaody
71%
East Blue Ville Buddle Épisode 4/Chapitre 8 Orange Town
66%
Nouveau Monde Pays Kurozumi Orochi (anciennement), Kaido (anciennement), Kozuki Momonosuke Épisode 736/Chapitre 793 Wa
66%
Paradis Ville Icebarg Épisode 229/Chapitre 323 Water Seven
63%
Nouveau Monde Île Don Quichotte Doflamingo (anciennement), Riku Doldo III Épisode 608/Chapitre 682 Dressrosa
61%
Paradis Royaume Nefertari Cobra (anciennement), Nefertari Vivi Épisode 78/Chapitre 113 Alabasta
58%
Calm Belt Île Gloriosa (anciennement), Shakuyaku (anciennement), Boa Hancock Épisode 408/Chapitre 514 Amazon Lily
58%
Paradis (anciennement) Île Spandam (anciennement) Épisode 263/Chapitre 358 Enies Lobby
58%
Paradis Quartier Général de la Marine (anciennement) Sengoku (anciennement), Sakazuki Épisode 45/Chapitre 96 Marine Ford
58%
Mer Blanche Île Ener (anciennement), Gan Forr Épisode 154/Chapitre 239 Skypiea
58%
East Blue Royaume Sterry & Sally Entoilette Épisode 496/Chapitre 585 Goa
55%
Fond Marin Île Neptune Épisode 526/Chapitre 607 Île des Hommes-Poissons
55%
Calm Belt Prison Shilliew (anciennement), Magellan (anciennement), Hannyabal Épisode 422/Chapitre 525 Impel Down
55%
East Blue Ville Aucun/Ne Sais Pas Épisode 47/Chapitre 96 Logue Town
55%
West Blue (anciennement) Bateau Gecko Moria Épisode 338/Chapitre 443 Thriller Bark
55%
Paradis Île Wapol (anciennement): Dalton Épisode 79/Chapitre 132 Drum
53%
Paradis Île Aucun/Ne Sais Pas Épisode 146/Chapitre 222 Jaya
53%
Nouveau Monde Île Kaido (anciennement), Kozuki Momonosuke Épisode 736/Chapitre 793 Onigashima
53%
Nouveau Monde Île Harald (anciennement) Épisode 836/Chapitre 865 Elbaf
50%
Paradis Île Dorry & Brogy (anciennement) Épisode 67/Chapitre 114 Little Garden
50%
Nouveau Monde Île Cesar Clown Épisode 579/Chapitre 655 Punk Hazard
50%
Nouveau Monde Île Charlotte Linlin Épisode 571/Chapitre 651 Whole Cake
50%
Nouveau Monde Île Inuarashi & Nekomamushi (anciennement), Carrot Épisode 739/Chapitre 795 Zo
50%
East Blue Village Sterry & Sally Entoilette Épisode 4/Chapitre 1 Fuchsia
47%
Red Line Terre Sainte Imu Épisode 91/Chapitre 142 Marie Geoise
47%
Nouveau Monde Île Vegapunk (probablement) Épisode 1090/Chapitre 1059 Egg Head
45%
East Blue Village Genzo Épisode 32/Chapitre 70 Kokoyashi
45%
East Blue Montagne Sterry & Sally Entoilette Épisode 493/Chapitre 582 Mont Corvo
45%
Paradis Chaîne d'îles Aucun/Ne Sais Pas Épisode 207/Chapitre 304 Long Ring Long Land
42%
Red Line Montagne Aucun/Ne Sais Pas Épisode 61/Chapitre 101 Reverse Mountain
42%
Paradis Ville Aucun/Ne Sais Pas Épisode 64/Chapitre 106 Whiskey Peak
42%
East Blue Ville Aucun/Ne Sais Pas Épisode 1/Chapitre 3 Shells Town
39%
East Blue Décharge Sterry & Sally Entoilette Épisode 493/Chapitre 583 Grey Terminal
37%
Paradis Île Emporio Ivankov Épisode 419/Chapitre 523 Momoiro
37%
East Blue Village Shimotsuki Kôshirô Épisode 2/Chapitre 5 Shimotsuki
37%
Paradis Ville Nefertari Cobra (anciennement), Nefertari Vivi Épisode 78/Chapitre 129 Alubarna
34%
Paradis Archipel Heracles Épisode 420/Chapitre 524 Boyn
34%
Red Line Cap Crocus Épisode 62/Chapitre 102 Cap des Jumeaux
34%
Nouveau Monde Ville Charlotte Linlin, Charlotte Dosmarché One Piece Magazine Vol.5 Green
34%
Nouveau Monde Île Marshall D. Teach Épisode 917/Chapitre 925 Ruche
34%
Grand Line (sans + plus de précision) Île Monkey D. Dragon (anciennement) Épisode 324/Chapitre 440 Baltigo
32%
Nouveau Monde Base de la Marine Vergo (anciennement) + (probablement), Smoker (probablement) Chapitre 681 G-5
32%
West Blue (anciennement) Île Roi de God Valley Épisode 957/Chapitre 958 God Valley
32%
East Blue Île Gaimon Épisode 18/Chapitre 22 Île des Animaux Rares
32%
Nouveau Monde Quartier Général de la Marine Sengoku (anciennement), Sakazuki Épisode 629/Chapitre 700 New Marine Ford
32%
West Blue Royaume Ramen Épisode 777/Chapitre 823 Pays des Fleurs
32%
South Blue Royaume Wapol Épisode 778/Chapitre 635 Black Drum
29%
Paradis Base de la Marine Komir (probablement) Épisode 490/Chapitre 282 (Couverture) G-2
29%
North Blue (anciennement) Royaume Vinsmoke Judge Épisode 793/Chapitre 832 Germa
29%
Nouveau Monde Île Gancho Épisode 639/Chapitre 710 Green Bit
29%
Paradis Royaume Seki (anciennement) Épisode 880/Chapitre 272 (Couverture) Lulusia
29%
Calm Belt Île Aucun/Ne Sais Pas Épisode 516/Chapitre 597 Ruskaina
29%
North Blue Royaume Roi de Luvneel Épisode 189/Chapitre 292 Luvneel
26%
North Blue Royaume Aucun/Ne Sais Pas Épisode 701/Chapitre 762 Flevance
24%
Paradis Ville Aucun/Ne Sais Pas Épisode 146/Chapitre 222 Mock Town
24%
West Blue Île Aucun/Ne Sais Pas Épisode 251/Chapitre 391 Ohara
24%
South Blue Royaume Kourbett (anciennement), Bartholomew Kuma (anciennement), Bulldog & Conney Épisode 888/Chapitre 908 Sorbet
24%
Nouveau Monde Ville Charlotte Linlin, Charlotte Moscato Épisode 874/Chapitre 899 Sorbet
24%
East Blue Pont Chef des Gardes Épisode 420/Chapitre 524 Tequila Wolf
24%
Nouveau Monde Archipel Charlotte Linlin Épisode 571/Chapitre 651 Totto Land
24%
Grand Line (sans + plus de précision) Royaume Roi de Vodka Épisode 1076/Chapitre 1049 Vodka
24%
Mer Blanche Île Aucun/Ne Sais Pas Épisode 418/Chapitre 523 Weatheria
24%
South Blue Royaume Aucun/Ne Sais Pas Épisode 419/Chapitre 524 Dézoizo
21%
Nouveau Monde Village Fugetsu Omusubi (anciennement), Denjiro Épisode 937/Chapitre 937 Ebisu
21%
Paradis Royaume Wapol (anciennement), Dalton Épisode 91/Chapitre 142 Sakura
21%
Nouveau Monde Royaume Gancho Épisode 641/Chapitre 711 Tontatta
21%
Mer Blanche Partie d'Île Ener (anciennement), Gan Forr Épisode 154/Chapitre 240 Upper Yard
21%
Nouveau Monde Région Kurozumi Orochi (anciennement), Kozuki Momonosuke Épisode 892/Chapitre 909 Capitale des Fleurs
18%
East Blue Île Sterry & Sally Entoilette Épisode 4/Chapitre 1 Dawn
18%
Espace Terre Légendaire Ener Épisode 158/Chapitre 244 Fairy Vearth
18%
Nouveau Monde Base de la Marine Doll (probablement) Épisode 1090/Chapitre 1061 G-14
18%
East Blue Archipel Aucun/Ne Sais Pas Épisode 30/Chapitre 69 Konomi
18%
Paradis Zone Maritime Aucun/Ne Sais Pas Épisode 337/Chapitre 442 Triangle de Florian
18%
Nouveau Monde Région Uzuki Tempura (anciennement), Raizo Épisode 916/Chapitre 924 Udon
18%
Nouveau Monde Île Charlotte Linlin, Charlotte Laura (anciennement), Charlotte Pudding Épisode 785/Chapitre 827 Cacao
16%
Nouveau Monde Région Kozuki Oden (anciennement), Inuarashi Épisode 892/Chapitre 910 Kuri
16%
Nouveau Monde Île Aucun/Ne Sais Pas Épisode 63/Chapitre 105 Laugh Tale
16%
Nouveau Monde Royaume Elizabello II Épisode 778/Chapitre 704 Prodence
16%
Nouveau Monde Île Aucun/Ne Sais Pas Épisode 511/Chapitre 594 Raijin
16%
Inconnu Pont Aucun Inconnue Rhum Wolf
16%
Nouveau Monde Région Shimotsuki Ushimaru (anciennement), Kikunojo Épisode 929/Chapitre 934 Ringo
16%
Inconnu Royaume Nashi Vivre Card Ringo
16%
Fond Marin Royaume Neptune Épisode 528/Chapitre 609 Ryugu
16%
Paradis Ville-Oasis Nefertari Cobra (anciennement), Nefertari Vivi Épisode 103/Chapitre 162 Yuba
16%
Inconnue Mer Aucun/Ne Sais Pas Épisode 26/Chapitre 56 All Blue
13%
Paradis Pays Aucun/Ne Sais Pas Épisode 418/Chapitre 448 Baldimore
13%
Paradis Île Aucun/Ne Sais Pas Épisode 325/Chapitre 434 Banaro
13%
Nouveau Monde Île Charlotte Linlin, Charlotte Cracker Épisode 787/Chapitre 828 Biscuit
13%
Nouveau Monde Île Charlotte Linlin, Charlotte Perospero Épisode 787/Chapitre 828 Bonbon
13%
Paradis Île Aucun/Ne Sais Pas Épisode 64/Chapitre 106 Cactus Island
13%
Nouveau Monde Île Charlotte Linlin, Charlotte Moscato Épisode 874/Chapitre 899 Glace
13%
East Blue Village Aucun/Ne Sais Pas Épisode 31/Chapitre 70 Gosa
13%
Paradis Ville Nefertari Cobra (anciennement), Nefertari Vivi Épisode 92/Chapitre 155 Nanohana
13%
East Blue Royaume Aucun/Ne Sais Pas Épisode 35/Chapitre 77 Oykot
13%
Red Line Pôle Aucun/Ne Sais Pas Épisode 8/Chapitre 19 Pôle Nord
13%
Red Line Pôle Aucun/Ne Sais Pas Épisode 8/Chapitre 19 Pôle Sud
13%
Nouveau Monde Royaume Harald (anciennement) Épisode 324/Chapitre 440 Royaume du Soleil
13%
Nouveau Monde Île Aucun/Ne Sais Pas Épisode 890/Chapitre 909 Sphinx
13%
Nouveau Monde Royaume Roi de Standing Chapitre 904 Standing
13%
Inconnu Pont Aucun Inconnue Vodka Wolf
13%
Nouveau Monde Île Charlotte Linlin, Charlotte Compote One Piece Magazine Vol.4 Aux Fruits
11%
West Blue Royaume Ham Burger Épisode 882/Chapitre 905 Ballywood
11%
Mer Blanche Île Aucun/Ne Sais Pas Épisode 182/Chapitre 279 Bilca
11%
Inconnu Pont Aucun Inconnue Bourbon Wolf
11%
Nouveau Monde Île Aucun/Ne Sais Pas Épisode 787/Chapitre 828 Brock Collie
11%
Nouveau Monde Ville Charlotte Linlin, Charlotte Laura (anciennement), Charlotte Pudding Épisode 785/Chapitre 827 Chocolate
11%
Nouveau Monde Île Charlotte Linlin, Charlotte Mont d'Or Épisode 829/Chapitre 859 Fromage
11%
Paradis Gare Kokoro Épisode 228/Chapitre 322 Gare de Shift
11%
Nouveau Monde Île Charlotte Linlin, Charlotte Oven SBS Tome 87 Gâteau
11%
Nouveau Monde Région Shimotsuki Yasuie (anciennement), Kawamatsu Épisode 939/Chapitre 942 Hakumai
11%
Paradis Royaume Emporio Ivankov Épisode 419/Chapitre 523 Kamabakka
11%
Paradis Île Dracule Mihawk (anciennement) Épisode 421/Chapitre 524 Kuraigana
11%
Nouveau Monde Île Charlotte Linlin, Charlotte Amande Épisode 829/Chapitre 859 Noix
11%
Paradis Île Aucun/Ne Sais Pas Épisode 229/Chapitre 659 Petit
11%
Paradis Ville Nefertari Cobra (anciennement), Nefertari Vivi Épisode 76/Chapitre 126 Rainbase
11%
Nouveau Monde Royaume Harald (anciennement) Arc Elbaf Royaume des Morts
11%
Paradis Parc Aucun/Ne Sais Pas Épisode 393/Chapitre 499 Sabaody Parc
11%
North Blue Île Aucun/Ne Sais Pas Épisode 705/Chapitre 765 Swallow
11%
Inconnu Royaume Mororon Épisode 882/Chapitre 905 Tajine
11%
Nouveau Monde Royaume Harald (anciennement) Épisode 836/Chapitre 865 Warland
11%
East Blue Base de la Marine Nezumi Épisode 43/Chapitre 94 16ème Branche
8%
East Blue Base de la Marine Pudding Pudding Épisode 34/Chapitre 75 77ème Branche
8%
Nouveau Monde Ville Don Quichotte Doflamingo (anciennement), Riku Doldo III Chapitre 701 Acacia
8%
Grand Line (sans + plus de précision) Royaume Tea IV Vivre Card Aegis
8%
Inconnu Royaume Aucun/Ne Sais Pas Épisode 277/Chapitre 395 Ancien Royaume
8%
Mer Blanche Partie d'Île Ener (anciennement), Gan Forr Épisode 154/Chapitre 239 Angel
8%
Nouveau Monde Ville Kozuki Oden (anciennement), Inuarashi Épisode 892/Chapitre 910 Bakura
8%
South Blue Île Aucun/Ne Sais Pas Épisode 460/Chapitre 550 Baterilla
8%
Nouveau Monde Île Charlotte Linlin, Charlotte Katakuri Épisode 865/Chapitre 891 Blé
8%
Nouveau Monde Ville Charlotte Linlin, Charlotte Mont d'Or Épisode 829/Chapitre 859 Cheese
8%
Paradis Montagne Wapol (anciennement), Dalton Épisode 79/Chapitre 139 Drum Rockies
8%
Nouveau Monde Île Edward Newgate (anciennement), Marshall D. Teach (probablement) Épisode 490/Chapitre 581 Foodvalten
8%
East Blue Forêt Sterry & Sally Entoilette Épisode 493/Chapitre 583 Forêt du Milieu
8%
East Blue Archipel Aucun/Ne Sais Pas Épisode 8/Chapitre 23 Gekko
8%
Nouveau Monde Ville Charlotte Linlin, Charlotte Zuccotto Épisode 787/Chapitre 828 Gin
8%
East Blue Île Aucun/Ne Sais Pas Épisode de Luffy (diffusé après l'épisode 576)/Chapitre 2 Goat
8%
Paradis Royaume Aucun/Ne Sais Pas Épisode 421/Chapitre 524 Harahettania
8%
Nouveau Monde Île Baggy Épisode 752/Chapitre 803 Kalai Bali
8%
Nouveau Monde Région Fugetsu Omusubi (anciennement), Denjiro Chapitre 929 Kibi
8%
North Blue Île Diez Barrels (anciennement) Épisode 704/Chapitre 765 Minion
8%
East Blue Île Aucun/Ne Sais Pas Chapitre 135 (Mini Aventure de Jango) Mirror Ball
8%
Nouveau Monde Village Kozuki Oden (anciennement), Inuarashi Épisode 892/Chapitre 910 Okobore
8%
East Blue Archipel Aucun/Ne Sais Pas Épisode 4/Chapitre 8 Orgao
8%
Nouveau Monde Île Aucun/Ne Sais Pas Épisode 966/chapitre 966 Road Star
8%
Nouveau Monde Royaume Harald (anciennement) Arc Elbaf Royaume des Cieux
8%
Paradis Tombeau Nefertari Cobra (anciennement), Nefertari Vivi Épisode 123/Chapitre 202 Tombeau des Rois
8%
Grand Line (sans + plus de précision) Pays Aucun/Ne Sais Pas Épisode 45/Chapitre 96 Vila
8%
Nouveau Monde Île Aucun/Ne Sais Pas Épisode 1093/Chapitre 1063 Winner
8%
Nouveau Monde Île Charlotte Linlin, Charlotte Smoothie One Piece Magazine Vol.4 100%
5%
Nouveau Monde Village Kozuki Oden (anciennement), Inuarashi Épisode 892/Chapitre 910 Amigasa
5%
Nouveau Monde Île Charlotte Linlin, Charlotte Corn Starch One Piece Magazine Vol.4 Amour
5%
Inconnu Royaume Stroganof Databooks One Piece/Vivre Card-One Piece Visual Dictionary Beef
5%
Inconnu Royaume Lemoncheese Databooks One Piece/Vivre Card-One Piece Visual Dictionary Bestland
5%
Paradis Ville Wapol (anciennement), Dalton Épisode 80/Chapitre 133 Bighorn
5%
South Blue Royaume Aucun/Ne Sais Pas Épisode 143/Chapitre 218 Briss
5%
Inconnu Royaume Couran Databooks One Piece/Vivre Card-One Piece Visual Dictionary Cameron
5%
Inconnu Royaume Mari Databooks One Piece/Vivre Card-One Piece Visual Dictionary Chaco
5%
Nouveau Monde Île Charlotte Linlin, Charlotte Noisette Épisode 860/Chapitre 886 Coffre
5%
Nouveau Monde Île Charlotte Linlin, Charlotte Dacquoise Épisode 787/Chapitre 829 Confiture
5%
Nouveau Monde Village Inuarashi & Nekomamushi (anciennement), Carrot Épisode 754/Chapitre 805 Crow
5%
North Blue Royaume Chap Apparu dans la Vivre Card - One Piece Visual Dictionary Deul
5%
Nouveau Monde Ville Charlotte Linlin, Charlotte Saint-Marc Épisode 845/Chapitre 874 Essence
5%
Nouveau Monde Ville Charlotte Linlin, Charlotte Katakuri Épisode 865/Chapitre 891 Flour
5%
Nouveau Monde Forêt Charlotte Linlin, Charlotte Brûlée Épisode 791/Chapitre 831 Forêt de la Tentation
5%
East Blue Royaume Ban Dedessinée Vivre Card - One Piece Visual Dictionary Frauce
5%
Nouveau Monde Île Charlotte Linlin, Charlotte Tablette Épisode 868 Garniture
5%
Nouveau Monde Ville Charlotte Linlin, Charlotte Agar-Agar Épisode 868/Chapitre 894 Gélatine
5%
Nouveau Monde Île Charlotte Linlin, Charlotte Agar-Agar Épisode 868/Chapitre 894 Gelée
5%
Inconnu Royaume Neggy Vivre Card Gingaball
5%
Nouveau Monde Île Charlotte Linlin, Charlotte Sucrage One Piece Magazine Vol.5 Graine
5%
Paradis Ville Wapol (anciennement), Dalton Épisode 81/Chapitre 135 Gyasta
5%
West Blue Royaume Thalassa Lucas (anciennement), Cezar Épisode 777/Chapitre 823 Ilisia
5%
Inconnu Royaume Sauce Vivre Card Jambalaya
5%
Paradis Île Aucun/Ne Sais Pas Épisode 418/Chapitre 448 Karakuri
5%
South Blue Île Aucun/Ne Sais Pas Épisode 253/Chapitre 362 Karaté
5%
North Blue Village Aucun/Ne Sais Pas Épisode 710/Chapitre 771 Kuen
5%
East Blue Île Aucun/Ne Sais Pas Épisode 47/Chapitre 62 Kumate
5%
South Blue Île Aucun/Ne Sais Pas Épisode 1066/Tome 106 Kutsukku
5%
Paradis Île Aucun/Ne Sais Pas Épisode 70/Chapitre 117 Kyuka Island
5%
West Blue Île Aucun/Ne Sais Pas Épisode 491/Chapitre 582 Las Camp
5%
Nouveau Monde Île Charlotte Linlin, Charlotte Zuccotto Épisode 787/Chapitre 828 Liqueur
5%
Nouveau Monde Île Charlotte Linlin, Charlotte Broyée Chapitre 894 Meringue
5%
Nouveau Monde Ville Charlotte Linlin, Charlotte Broyée Chapitre 894 Meringue
5%
Nouveau Monde Île Charlotte Linlin, Charlotte Flampe One Piece Magazine Vol.4 Miel
5%
Nouveau Monde Île Charlotte Linlin, Charlotte Chiffon (anciennement) Épisode 868/Chapitre 894 Moelleuse
5%
Nouveau Monde Île Aucun/Ne Sais Pas Chapitre 655 Mystoria
5%
East Blue Royaume Furrari Databooks One Piece/Vivre Card-One Piece Visual Dictionary Nagagutsu
5%
North Blue Ville Aucun/Ne Sais Pas Épisode 709/Chapitre 769 Notice
5%
Nouveau Monde Île Charlotte Linlin, Charlotte Snack Épisode 860/Chapitre 886 Patate
5%
Au-Dessus de Red Line (anciennement) Pays Aucun/Ne Sais Pas Chapitre 1023 Pays des Dieux
5%
Nouveau Monde Ville Don Quichotte Doflamingo (anciennement), Riku Doldo III Épisode 677/Chapitre 743 Primula
5%
Paradis Repaire Duval Épisode 386/Chapitre 491 Repaire de Duval
5%
Nouveau Monde Île Aucun/Ne Sais Pas Chapitre 655 Risky Red
5%
Inconnu Royaume Aucun/Ne Sais Pas Épisode 666/Chapitre 734 Rommel
5%
South Blue Royaume Beer VI Épisode 882/Chapitre 905 Roshwan
5%
North Blue Île Aucun/Ne Sais Pas Épisode 704/Chapitre 765 Rubeck
5%
Paradis (Supposé) Île Aucun/Ne Sais Pas Chapitre 496 Saint Poplar
5%
South Blue Île Monkey D. Dragon Épisode 324/Chapitre 440 Saint Reia
5%
South Blue Royaume Moqueca Épisode 884/Chapitre 906 Samba
5%
Paradis Île Nefertari Cobra (anciennement), Nefertari Vivi Épisode 78/Chapitre 113 Sandy
5%
Paradis Île Aucun/Ne Sais Pas Épisode 229/Chapitre 322 San Faldo
5%
Paradis Île Aucun/Ne Sais Pas Épisode 67/Chapitre 114 Sans Rien
5%
Nouveau Monde Ville Don Quichotte Doflamingo (anciennement), Riku Doldo III Épisode 659/Chapitre 727 Sevio
5%
Inconnu Royaume Tacos Épisode 882/Chapitre 905 Shishano
5%
Inconnu Royaume Jeep Vivre Card South Fire
5%
North Blue Ville Don Quichotte Doflamingo (anciennement) + (probablement) Épisode 688/Chapitre 752 Spider Miles
5%
Paradis Royaume Aucun/Ne Sais Pas Épisode 512/Chapitre 596 Tehna Gehna
5%
West Blue Île Aucun/Ne Sais Pas Épisode 395/Chapitre 501 Toroa
5%
Nouveau Monde Île Charlotte Linlin, Charlotte Compo One Piece Magazine Vol.5 Tourte
5%
Nouveau Monde Ville Charlotte Linlin, Charlotte Opéra One Piece Magazine Vol.5 White
5%
North Blue Royaume Iwatobi Apparu dans la Vivre Card - One Piece Visual Dictionary Whiteland
5%
East Blue Île Aucun/Ne Sais Pas Épisode 1/Chapitre 3 Yotsuba
5%
West Blue Base de la Marine Aucun/Ne Sais Pas Épisode 491/Chapitre 582 80ème Branche
3%
Nouveau Monde Île Aucun/Ne Sais Pas Épisode 735/Chapitre 792 Applenine
3%
Nouveau Monde Ville Don Quichotte Doflamingo (anciennement), Riku Doldo III Épisode 741 Balsa
3%
Nouveau Monde Ville Charlotte Linlin, Charlotte Citron One Piece Magazine Vol.4 Blanc d'Oeuf
3%
Grand Line (sans + plus de précision) Royaume Cavendish (anciennement) Épisode 885/Chapitre 865 Bourgeois
3%
Nouveau Monde Ville Charlotte Linlin, Charlotte Galette One Piece Magazine Vol.4 Butter
3%
Nouveau Monde Ville Don Quichotte Doflamingo (anciennement), Riku Doldo III Épisode 677/Chapitre 743 Carta
3%
Nouveau Monde Ville Charlotte Linlin, Charlotte Snack Épisode 860/Chapitre 886 Chips
3%
Paradis Village Wapol (anciennement), Dalton Épisode 81/Chapitre 134 Cocoa Weed
3%
Nouveau Monde Ville Charlotte Linlin, Charlotte Cracker Épisode 787/Chapitre 828 Cookie
3%
Nouveau Monde Île Charlotte Linlin, Charlotte Mascarpone Épisode 874/Chapitre 899 Couverts
3%
Nouveau Monde Île Charlotte Linlin, Charlotte Daifuku Épisode 874/Chapitre 899 Croquante
3%
Nouveau Monde Ville Charlotte Linlin, Charlotte Compo One Piece Magazine Vol.5 Crumbly
3%
Nouveau Monde Ville Charlotte Linlin, Charlotte Tablette Épisode 868 Deco
3%
Nouveau Monde Royaume Aucun/Ne Sais Pas Épisode 650/Chapitre 720 Doerena
3%
Paradis Ville Nefertari Cobra (anciennement), Nefertari Vivi Épisode 96/Chapitre 161 Elumalu
3%
Nouveau Monde Île Charlotte Linlin, Charlotte Opéra One Piece Magazine Vol.5 Épaisse
3%
Nouveau Monde Ville Charlotte Linlin, Charlotte Praline One Piece Magazine Vol.4 Fancy
3%
Paradis Île Aucun/Ne Sais Pas Épisode 543/Chapitre 623 Foolshout
3%
Nouveau Monde Ville Charlotte Linlin, Charlotte Oven SBS Tome 87 Fukkura
3%
Nouveau Monde Ville Charlotte Linlin, Charlotte Chiffon (anciennement) Épisode 868/Chapitre 894 Fuwarin
3%
Paradis Île Aucun/Ne Sais Pas Chapitre 518 Guanhao
3%
Fond Marin Ville Neptune Épisode 530/Chapitre 611 Gyoverly Hills
3%
Mer Blanche Route Aucun Épisode 153/Chapitre 238 Highwest
3%
Nouveau Monde Ville Charlotte Linlin, Charlotte Flampe One Piece Magazine Vol.4 Honey
3%
Nouveau Monde Île Charlotte Linlin, Charlotte Citron One Piece Magazine Vol.4 Jaune d'Oeuf
3%
Nouveau Monde Ville Charlotte Linlin, Charlotte Smoothie One Piece Magazine Vol.4 Juice
3%
Paradis Ville Nefertari Cobra (anciennement), Nefertari Vivi Épisode 96/Chapitre 163 Katorea
3%
Paradis Île Aucun/Ne Sais Pas Épisode 512/Chapitre 596 Kenzan
3%
East Blue Île Aucun/Ne Sais Pas Épisode 804/Chapitre 841 Kozia
3%
Nouveau Monde Île Charlotte Linlin, Charlotte Marnier One Piece Magazine Vol.4 Livure
3%
Nouveau Monde Ville Charlotte Linlin, Charlotte Corn Starch One Piece Magazine Vol.4 Love
3%
Nouveau Monde Ville Charlotte Linlin, Charlotte Marnier One Piece Magazine Vol.4 Luvure
3%
Nouveau Monde Royaume Aucun/Ne Sais Pas Chapitre 725 Majiatsuka
3%
Nouveau Monde Ville Charlotte Linlin, Charlotte Daifuku Épisode 874/Chapitre 899 Mame Mame
3%
Nouveau Monde Île Charlotte Linlin, Charlotte Galette One Piece Magazine Vol.4 Margarine
3%
Paradis Ville Nefertari Cobra (anciennement), Nefertari Vivi Épisode 98 Melias
3%
North Blue Île Aucun/Ne Sais Pas Épisode 20/Chapitre 43 Miccuo
3%
Nouveau Monde Ville Charlotte Linlin, Charlotte Chiboust One Piece Magazine Vol.5 Mix
3%
Nouveau Monde Royaume Aucun/Ne Sais Pas Épisode 645/Chapitre 715 Mogalo
3%
Paradis Île Aucun/Ne Sais Pas Épisode 421/Chapitre 524 Nakamura
3%
Inconnue Île Aucun/Ne Sais Pas Chapitre 643 Nakrowa
3%
Nouveau Monde Île Charlotte Linlin, Charlotte Dosmarché One Piece Magazine Vol.5 Noire
3%
Nouveau Monde Ville Charlotte Linlin, Charlotte Dacquoise Épisode 787/Chapitre 829 Nuuru
3%
Nouveau Monde Île Charlotte Linlin, Charlotte Mobile One Piece Magazine Vol.5 Obèse
3%
Nouveau Monde Île Charlotte Linlin, Charlotte Noisette Épisode 860/Chapitre 886 Oshimuna
3%
Nouveau Monde Île Charlotte Linlin, Charlotte Nusstorte One Piece Magazine Vol.5 Paquet
3%
Grand Line (sans + plus de précision) Pays Aucun/Ne Sais Pas Épisode 350/Chapitre 456 Pays des Glaces
3%
Nouveau Monde Ville Charlotte Linlin, Charlotte Amande Épisode 829/Chapitre 859 Peanuts
3%
Inconnu Royaume Aucun/Ne Sais Pas Épisode 1116/Chapitre 1082 Pepe
3%
Nouveau Monde Ville Charlotte Linlin, Charlotte Perospero Épisode 787/Chapitre 828 Perori
3%
North Blue Ville Aucun/Ne Sais Pas Épisode 705/Chapitre 765 Pleasure
3%
East Blue Île Aucun/Ne Sais Pas Épisode 47/Chapitre 96 Polestar
3%
Nouveau Monde Ville Charlotte Linlin, Charlotte Compote One Piece Magazine Vol.4 Punch
3%
North Blue Ville Aucun/Ne Sais Pas Épisode 701/Chapitre 762 Rakesh
3%
Nouveau Monde Ville Kurozumi Orochi (anciennement), Kozuki Momonosuke Épisode 892/Chapitre 909 Rasetsu
3%
Paradis Île Aucun/Ne Sais Pas Épisode 79/Chapitre 128 Renaisse
3%
Paradis Ville Wapol (anciennement), Dalton Épisode 91/Chapitre 154 Robelle
3%
Nouveau Monde Île Charlotte Linlin, Charlotte Saint-Marc Épisode 845/Chapitre 874 Saveur
3%
Paradis Île Aucun/Ne Sais Pas Épisode 248/Chapitre 353 Scrap
3%
Nouveau Monde Ville Charlotte Linlin, Charlotte Mobile One Piece Magazine Vol.5 Secret
3%
Nouveau Monde Ville Charlotte Linlin, Charlotte Sucrage One Piece Magazine Vol.5 Seed
3%
Paradis Royaume Dracule Mihawk (anciennement) Épisode 421/Chapitre 524 Shikkearu
3%
East Blue Île Aucun/Ne Sais Pas One Piece Novel A et One Piece Épisode A Sixis
3%
Nouveau Monde Ville Charlotte Linlin, Charlotte Nusstorte One Piece Magazine Vol.5 Sorting
3%
Paradis Ville Nefertari Cobra (anciennement), Nefertari Vivi Ne Sais Pas Suiren
3%
Nouveau Monde Ville Charlotte Linlin, Charlotte Mascarpone Épisode 874/Chapitre 899 Table
3%
Paradis Ville Nefertari Cobra (anciennement), Nefertari Vivi Épisode 127/Chapitre 212 Tamarix
3%
Nouveau Monde Île Charlotte Linlin, Charlotte Chiboust One Piece Magazine Vol.5 Tricolore
3%
South Blue Pays Monkey D. Dragon Épisode 1132/Chapitre 1098 Tumi
3%
Nouveau Monde Île Charlotte Linlin, Charlotte Praline One Piece Magazine Vol.4 Unique
3%
Grand Line (sans + plus de précision) Île Aucun/Ne Sais Pas Épisode 151/Chapitre 234 Yukiryu
3%
Aucun quiz correspondant
Distribution des résultats
% des personnes avec chaque résultat
Percentile par nombre de réponses
Votre historique - résultats
Vous n’avez pas pris ce quiz